000 01229nam a22002417a 4500
005 20120112143825.0
008 120112t xxu||||| |||| 00| 0 mar d
010 _aMAR-22044
020 _c300.00
_a9789380514710
035 _aMR-14702
037 _bDBAD/PUB
040 _aDPL
_bMR
082 _a613.7
100 _aतिवारी, पायल गिडवानी
_939079
245 _aफ्रॉम एक्स एल टु एक्स एस /
_cपायल गिडवानी तिवारी ; आशा कबरे मटाले द्वारा अनुवादित
246 _aFrom XL to XS
_bby Payal Gidwani Tiwari
260 _aपुणे
_bअभेय प्रकाशन
_c2011
270 _a207,बिझनेस गिल्ड,लॉ कॉलेज रोड
_bपुणे
_e411004
300 _a336पृ
_c21सेमी(अजिल्द)
_bसचित्र
700 _aमटाले,आशा कबरे
_946771
942 _2ddc
_cMR
_mतिवारी
_h613.7
999 _c66399
_d66399